[Event "GRE-ch U16"]
[Site "Kallithea"]
[Date "2009.06.27"]
[Round "4"]
[White "Pappelis, Dimitrios"]
[Black "Filippas, Georgios"]
[Result "1-0"]
[WhiteElo "1985"]
[BlackElo "1815"]
[PlyCount "47"]
[EventDate "2009.06.25"]
[EventType "swiss"]
[EventRounds "9"]
[EventCountry "GRE"]
[SourceTitle "EXT 2011"]
[Source "ChessBase"]
[SourceDate "2010.11.26"]
[SourceVersion "1"]
[SourceVersionDate "2010.11.26"]
[SourceQuality "1"]

1. e4 c6 2. d4 d5 3. Nc3 dxe4 4. Nxe4 Nf6 5. Nxf6+ gxf6 6. Nf3 Bg4 7. c3 Nd7 8. g3 Nb6 9. Bg2 Nd5 10. 0-0 Qd7 11. Qb3 0-0-0 12. c4 Nc7 13. Be3 Bh3 14. Bxh3 Qxh3 15. d5 cxd5 16. Bxa7 d4 17. Nxd4 Rxd4 18. Bxd4 e5 19. Bb6 f5 20. Rad1 Be7 21. c5 Rf8 22. Bxc7 Kxc7 23. Qb6+ Kc8 24. c6 1-0

[Event "GRE-chT U16"]
[Site "Chalkida"]
[Date "2008.10.11"]
[Round "2.6"]
[White "Filippas, Georgios"]
[Black "Kafetzopoulos, Anastasios"]
[Result "1-0"]
[WhiteElo "1781"]
[BlackElo "1922"]
[PlyCount "81"]
[EventDate "2008.10.11"]
[EventType "team-swiss"]
[EventRounds "5"]
[EventCountry "GRE"]
[SourceTitle "EXT 2011"]
[Source "ChessBase"]
[SourceDate "2010.11.26"]
[SourceVersion "1"]
[SourceVersionDate "2010.11.26"]
[SourceQuality "1"]

1. d4 Nf6 2. c4 e6 3. Nc3 Bb4 4. e3 b6 5. Nge2 c5 6. a3 Ba5 7. Nf4 Bb7 8. Be2 0-0 9. 0-0 Bxc3 10. bxc3 d6 11. f3 e5 12. Nd3 Nc6 13. Nf2 Qe7 14. d5 Na5 15. e4 Ba6 16. Bg5 h6 17. Bc1 Bxc4 18. Rb1 Qd7 19. g4 Bxe2 20. Qxe2 Qa4 21. h4 Qc4 22. Qe1 Nd7 23. Nh3 Qd3 24. Rb2 c4 25. Kg2 Nb3 26. Nf2 Nxc1 27. Qxc1 Nc5 28. Nxd3 Nxd3 29. Qb1 Rac8 30. Rd2 Nf4+ 31. Kf2 Rc5 32. Rfd1 Rfc8 33. Rb2 Ra5 34. Ra2 Rcc5 35. a4 g6 36. Ke3 h5 37. Rdd2 Kf8 38. Rdb2 Ke7 39. Rb5 Kd7 40. Rxc5 Rxc5 41. Rb2 1-0

[Event "GRE-ch U16"]
[Site "Kallithea"]
[Date "2008.07.04"]
[Round "9"]
[White "Filippas, Georgios"]
[Black "Papadimitriou, Athanasios"]
[Result "0-1"]
[WhiteElo "1755"]
[BlackElo "2059"]
[PlyCount "78"]
[EventDate "2008.06.28"]
[EventType "swiss"]
[EventRounds "9"]
[EventCountry "GRE"]
[SourceTitle "EXT 2010"]
[Source "ChessBase"]
[SourceDate "2010.11.25"]
[SourceVersion "1"]
[SourceVersionDate "2010.11.25"]
[SourceQuality "1"]

1. d4 g6 2. c4 c6 3. e4 d5 4. cxd5 cxd5 5. e5 Nc6 6. Nf3 Bg4 7. Be2 Bh6 8. Nc3 Bxc1 9. Rxc1 Nh6 10. Qb3 0-0 11. 0-0 Bxf3 12. Bxf3 e6 13. Rfd1 Nf5 14. Ne2 Qb6 15. Qa4 Rac8 16. Kh1 Kg7 17. Bg4 Ncxd4 18. Rxc8 Rxc8 19. Nxd4 Rc4 20. Nxe6+ Qxe6 21. Bxf5 Qxf5 22. Qxa7 Qxe5 23. Qxb7 Rd4 24. Rg1 Qe2 25. Qb3 Qxf2 26. Qc3 Qf6 27. b4 Rf4 28. Qxf6+ Kxf6 29. Rb1 Ke6 30. g3 Rf2 31. a4 Ra2 32. a5 d4 33. Kg1 Kd5 34. h4 d3 35. Kf1 Kd4 36. Ke1 Ke3 37. b5 Rh2 38. Kf1 Rh1+ 39. Kg2 Rxb1 0-1

[Event "GRE-ch U16"]
[Site "Kallithea"]
[Date "2008.06.28"]
[Round "1"]
[White "Filippas, Georgios"]
[Black "Galopoulos, Nikolaos"]
[Result "0-1"]
[WhiteElo "1755"]
[BlackElo "2243"]
[PlyCount "58"]
[EventDate "2008.06.28"]
[EventType "swiss"]
[EventRounds "9"]
[EventCountry "GRE"]
[SourceTitle "EXT 2010"]
[Source "ChessBase"]
[SourceDate "2010.11.25"]
[SourceVersion "1"]
[SourceVersionDate "2010.11.25"]
[SourceQuality "1"]

1. d4 Nf6 2. c4 c5 3. d5 b5 4. cxb5 a6 5. b6 a5 6. a4 Ba6 7. Nc3 d6 8. Nf3 Nbd7 9. e4 Bxf1 10. Kxf1 Nxb6 11. Qe2 Qd7 12. h3 g6 13. Nb5 Bg7 14. Bf4 0-0 15. Ra2 Nh5 16. Bd2 f5 17. exf5 Qxf5 18. Qe6+ Qxe6 19. dxe6 Nf4 20. Ng5 Nd3 21. Nf7 Nxb2 22. Nc3 N2c4 23. Be1 Ne5 24. Nxe5 Bxe5 25. Ne4 Nd5 26. Kg1 Rab8 27. g3 Rb1 28. Kg2 Nb4 29. Bxb4 Rxb4 0-1